<?xml version="1.0" encoding="UTF-8"?>
<record
    xmlns:xsi="http://www.w3.org/2001/XMLSchema-instance"
    xsi:schemaLocation="http://www.loc.gov/MARC21/slim http://www.loc.gov/standards/marcxml/schema/MARC21slim.xsd"
    xmlns="http://www.loc.gov/MARC21/slim">

  <leader>01746nam1a2200325 i 4500</leader>
  <controlfield tag="001">RU\NLR\bibl\998910</controlfield>
  <controlfield tag="005">20260407062856.0</controlfield>
  <datafield tag="035" ind1=" " ind2=" ">
    <subfield code="a">(NLR Aleph) 000986649</subfield>
  </datafield>
  <datafield tag="090" ind1=" " ind2=" ">
    <subfield code="a">492841</subfield>
    <subfield code="c">492841</subfield>
  </datafield>
  <datafield tag="100" ind1=" " ind2=" ">
    <subfield code="a">20061019g20059999u  y0rusy50      ca</subfield>
  </datafield>
  <datafield tag="101" ind1="0" ind2=" ">
    <subfield code="a">rus</subfield>
  </datafield>
  <datafield tag="102" ind1=" " ind2=" ">
    <subfield code="a">RU</subfield>
  </datafield>
  <datafield tag="105" ind1=" " ind2=" ">
    <subfield code="a">y   |||||||||</subfield>
  </datafield>
  <datafield tag="200" ind1="1" ind2=" ">
    <subfield code="a">&#x417;&#x434;&#x440;&#x430;&#x432;&#x43E;&#x43E;&#x445;&#x440;&#x430;&#x43D;&#x435;&#x43D;&#x438;&#x435; &#x422;&#x430;&#x442;&#x430;&#x440;&#x441;&#x442;&#x430;&#x43D;&#x430;: &#x441;&#x432;&#x44F;&#x437;&#x44C; &#x43D;&#x430;&#x443;&#x43A;&#x438; &#x441; &#x43F;&#x440;&#x430;&#x43A;&#x442;&#x438;&#x43A;&#x43E;&#x439;</subfield>
    <subfield code="e">&#x431;&#x438;&#x431;&#x43B;&#x438;&#x43E;&#x433;&#x440;&#x430;&#x444;&#x438;&#x447;&#x435;&#x441;&#x43A;&#x438;&#x439; &#x443;&#x43A;&#x430;&#x437;&#x430;&#x442;&#x435;&#x43B;&#x44C; &#x442;&#x440;&#x443;&#x434;&#x43E;&#x432; &#x440;&#x430;&#x431;&#x43E;&#x442;&#x43D;&#x438;&#x43A;&#x43E;&#x432; &#x437;&#x434;&#x440;&#x430;&#x432;&#x43E;&#x43E;&#x445;&#x440;&#x430;&#x43D;&#x435;&#x43D;&#x438;&#x44F; &#x420;&#x435;&#x441;&#x43F;&#x443;&#x431;&#x43B;&#x438;&#x43A;&#x438; &#x422;&#x430;&#x442;&#x430;&#x440;&#x441;&#x442;&#x430;&#x43D; (1990-2004 &#x433;&#x433;.)</subfield>
    <subfield code="f">&#x41C;-&#x432;&#x43E; &#x437;&#x434;&#x440;&#x430;&#x432;&#x43E;&#x43E;&#x445;&#x440;&#x430;&#x43D;&#x435;&#x43D;&#x438;&#x44F; &#x420;&#x435;&#x441;&#x43F;. &#x422;&#x430;&#x442;&#x430;&#x440;&#x441;&#x442;&#x430;&#x43D;, &#x420;&#x435;&#x441;&#x43F;. &#x43C;&#x435;&#x434;. &#x431;&#x438;&#x431;&#x43B;.-&#x438;&#x43D;&#x444;&#x43E;&#x440;&#x43C;. &#x446;&#x435;&#x43D;&#x442;&#x440;</subfield>
    <subfield code="g">[&#x441;&#x43E;&#x441;&#x442;.: &#x434;.&#x43F;.&#x43D;. &#x42E;.&#x41D;. &#x414;&#x440;&#x435;&#x448;&#x435;&#x440;, &#x422;.&#x412;. &#x428;&#x43E;&#x448;&#x435;&#x432;&#x430;]</subfield>
  </datafield>
  <datafield tag="210" ind1=" " ind2=" ">
    <subfield code="a">&#x41A;&#x430;&#x437;&#x430;&#x43D;&#x44C;</subfield>
    <subfield code="c">&#x41C;&#x435;&#x434;&#x438;&#x446;&#x438;&#x43D;&#x430;</subfield>
    <subfield code="d">2005</subfield>
  </datafield>
  <datafield tag="215" ind1=" " ind2=" ">
    <subfield code="d">25</subfield>
  </datafield>
  <datafield tag="300" ind1=" " ind2=" ">
    <subfield code="a">85 &#x43B;&#x435;&#x442; &#x420;&#x435;&#x441;&#x43F;&#x443;&#x431;&#x43B;&#x438;&#x43A;&#x438; &#x422;&#x430;&#x442;&#x430;&#x440;&#x441;&#x442;&#x430;&#x43D;</subfield>
  </datafield>
  <datafield tag="463" ind1=" " ind2="0">
    <subfield code="1">001971532</subfield>
  </datafield>
  <datafield tag="463" ind1=" " ind2="0">
    <subfield code="1">001971274</subfield>
  </datafield>
  <datafield tag="606" ind1="1" ind2=" ">
    <subfield code="a">&#x417;&#x434;&#x440;&#x430;&#x432;&#x43E;&#x43E;&#x445;&#x440;&#x430;&#x43D;&#x435;&#x43D;&#x438;&#x435;</subfield>
    <subfield code="j">&#x411;&#x438;&#x431;&#x43B;&#x438;&#x43E;&#x433;&#x440;&#x430;&#x444;&#x438;&#x44F;</subfield>
    <subfield code="y">&#x422;&#x430;&#x442;&#x430;&#x440;&#x441;&#x442;&#x430;&#x43D;, &#x420;&#x435;&#x441;&#x43F;&#x443;&#x431;&#x43B;&#x438;&#x43A;&#x430;</subfield>
    <subfield code="9">2070071</subfield>
    <subfield code="3">RU\NLR\auth\661244787</subfield>
  </datafield>
  <datafield tag="606" ind1="1" ind2=" ">
    <subfield code="a">&#x41C;&#x435;&#x434;&#x438;&#x446;&#x438;&#x43D;&#x430;</subfield>
    <subfield code="x">&#x411;&#x438;&#x431;&#x43B;&#x438;&#x43E;&#x433;&#x440;&#x430;&#x444;&#x438;&#x44F;</subfield>
    <subfield code="9">1527225</subfield>
    <subfield code="3">RU\NLR\auth\66664649</subfield>
  </datafield>
  <datafield tag="686" ind1=" " ind2=" ">
    <subfield code="a">&#x420;11(2&#x420;-6&#x422;)&#x44F;1</subfield>
  </datafield>
  <datafield tag="686" ind1=" " ind2=" ">
    <subfield code="a">&#x420;.&#x44F;1</subfield>
  </datafield>
  <datafield tag="702" ind1=" " ind2="1">
    <subfield code="4">220</subfield>
    <subfield code="8">rus</subfield>
    <subfield code="7">ca</subfield>
    <subfield code="a">&#x414;&#x440;&#x435;&#x448;&#x435;&#x440;</subfield>
    <subfield code="b">&#x42E;. &#x41D;.</subfield>
    <subfield code="f">1953-</subfield>
    <subfield code="g">&#x42E;&#x43B;&#x438;&#x44F; &#x41D;&#x438;&#x43A;&#x43E;&#x43B;&#x430;&#x435;&#x432;&#x43D;&#x430;</subfield>
    <subfield code="3">RU\NLR\AUTH\7713119</subfield>
    <subfield code="9">122820</subfield>
  </datafield>
  <datafield tag="712" ind1="0" ind2="2">
    <subfield code="4">570</subfield>
    <subfield code="a">&#x422;&#x430;&#x442;&#x430;&#x440;&#x441;&#x43A;&#x438;&#x439; &#x440;&#x435;&#x441;&#x43F;&#x443;&#x431;&#x43B;&#x438;&#x43A;&#x430;&#x43D;&#x441;&#x43A;&#x438;&#x439; &#x43C;&#x435;&#x434;&#x438;&#x446;&#x438;&#x43D;&#x441;&#x43A;&#x438;&#x439; &#x431;&#x438;&#x431;&#x43B;&#x438;&#x43E;&#x442;&#x435;&#x447;&#x43D;&#x43E;-&#x438;&#x43D;&#x444;&#x43E;&#x440;&#x43C;&#x430;&#x446;&#x438;&#x43E;&#x43D;&#x43D;&#x44B;&#x439; &#x446;&#x435;&#x43D;&#x442;&#x440;</subfield>
    <subfield code="c">&#x41A;&#x430;&#x437;&#x430;&#x43D;&#x44C;</subfield>
    <subfield code="3">RU\NLR\AUTH\889917964</subfield>
    <subfield code="9">332071</subfield>
  </datafield>
  <datafield tag="801" ind1=" " ind2="0">
    <subfield code="a">RU</subfield>
    <subfield code="b">NLR</subfield>
    <subfield code="c">20061019</subfield>
    <subfield code="g">rcr</subfield>
  </datafield>
  <datafield tag="801" ind1=" " ind2="1">
    <subfield code="a">RU</subfield>
    <subfield code="b">NLR</subfield>
    <subfield code="c">20061019</subfield>
  </datafield>
  <datafield tag="852" ind1=" " ind2=" ">
    <subfield code="a">NLR</subfield>
    <subfield code="j">&#x421; 2006-3/89</subfield>
  </datafield>
  <datafield tag="942" ind1=" " ind2=" ">
    <subfield code="c">BOOK</subfield>
  </datafield>
</record>
